00478cam a2200181 a 450000500170000000800410001701000140005802000260007203500130009803700130011104000080012408200100013210000160014224500510015826000370020930000300024650000200027620090924191526.0060803s2007 njua b 001 0 eng  aENG-95649 a9788120337220c250.00 aEN-79181 aDBAD/PUB aDPL a604.2 aJohn, K. C. aEngineering graphics for Diplomacby K.C. John aNew Delhi :bPHI Learning c2009 avi, 366p. :c26 cm. (Pbk) aIncludes index